| 000 | 00598nam a2200241 a 4500 | ||
|---|---|---|---|
| 001 | nice12345678 | ||
| 003 | IN_TiNIC | ||
| 005 | 20260116011457.0 | ||
| 008 | 050524s1944 laha grp 000 0 eng | ||
| 020 |
_a _c100 |
||
| 082 | 0 | 0 |
_a305.6297 _bARS |
| 100 | _aArsalan, Amir Shakib | ||
| 245 | _aOur Decline and Its Causes | ||
| 260 |
_aLahore _bSh. Muhammad Ashraf _c1944 |
||
| 300 | _a145p | ||
| 500 | _aincludes index and biblioraphy | ||
| 505 | 2 | _aAppendix | |
| 650 | _aUmmah-Community in Islam | ||
| 700 | 1 | _aArsalan, Amir Shakib | |
| 902 | _bSRS | ||
| 942 | _cBK | ||
| 999 |
_c1882 _d1882 |
||